| 000 | 00463cam a2200193ua 4500 | ||
|---|---|---|---|
| 001 | 8968 | ||
| 008 | 150219n ii |||gr||||Z||||||asm | ||
| 040 | _cMAIN | ||
| 041 | _aasm | ||
| 082 | _a891.4514 | ||
| 100 |
_aDeka, H., _eAuthor. |
||
| 245 | 1 |
_aBikshan aru sandhan _cBy H. Deka |
|
| 250 | _a1st. | ||
| 260 |
_aGuwahati: _bPuberun, _c2000. |
||
| 300 | _a112p. | ||
| 653 | _aEast Indo-European & Celtic literatures | ||
| 653 | _aAssamese essays | ||
| 942 | _cBK | ||
| 999 |
_c8062 _d8062 |
||